000 01619nam0a2200385 4500
001 RU\NLR\bibl\730678
005 20250613235646.0
010 _a5-354-00818-2
_bв обл.
021 _aRU
_b2004-50923
_92503
035 _aRSL-KNO-002463071
035 _a(NLR Aleph) 000720646
090 _a700789
_c700789
100 _a20040826d2004 |||y0rusy50 ca
101 0 _arus
102 _aRU
105 _aa |||||||||
106 _ar
200 1 _aОсновы теории оптических волноводов
_fА.М. Гончаренко, В.А. Карпенко
205 _aИзд. 2-е, испр.
210 _aМосква
_cУРСС
_d2004
215 _a236,[1] с.
_cил.
_d22
313 _aпред.изд.1983г.
320 _aБиблиогр. в конце разд.
606 1 _aВолоконные световоды
_xТеоретические основы
_92298028
_3RU\NLR\auth\661375956
610 0 _aРадиоэлектроника -- Радиотехника -- Антенны -- Волноводы и объемные резонаторы -- Оптические волноводы -- Теория -- Учебник для высшей школы
686 _aЗ845.79-01я73-1
_2rubbk
686 _aЗ845.79-01
700 1 _aГончаренко
_bА. М.
_gАндрей Маркович
_4070
701 1 _aКарпенко
_bВ. А.
_gВалерий Александрович
_4070
801 0 _aRU
_bRuMoRKP
_c20040826
_grcr
801 1 _aRU
_bRuMoRGB
_c20040826
801 2 _aRU
_bNLR
_c20050302
_gPSBO
942 _cBOOK
980 _aNB